=LDR 00000nam 2200000 4500 =001 INLIS000000000014216 =005 20200303085046 =035 ##$$a 0010-061300000014216 =008 200303################g##########0#ind## =041 ##$$a Ind =082 ##$$a 153 =090 ##$$a 153.3, Nur k =100 ##$$a Nursisto =245 1#$$a Kiat Menggali Kreativitas, /$c Nursisto =260 ##$$a Yogyakarta :$b MITRA GAMA WIDYA,$c 1999 =300 ##$$a xii, 122 hlm, 20 cm ; $c 14 x 20 cm =650 #4$$a Kreativitas =850 ##$$a NBPNMAT =020 ##$$a 979-507-300-1 =084 ##$$a 153 NUR k =990 ##$$a 30502292 =990 ##$$a 30502290 =990 ##$$a 30502289